[Event "WA Class - B Section"]
[Site "Redmond, WA"]
[Date "2008.11.30"]
[Round "5"]
[White "Copeland, Daniel"]
[Black "Miller, Russell"]
[Result "1-0"]
[WhiteElo "1709"]
[BlackElo "1626"]
[PlyCount "30"]
[EventDate "2008.11.30"]
[EventCountry "USA"]
[Source "Bulletin"]
[SourceDate "2009.02.10"]

1. e4 c5 2. Nf3 Nc6 3. d4 cxd4 4. Nxd4 Nf6 5. Nc3 a6 6. g4 h6 7. Be3 d6 8. Be2
e5 9. Nf5 Bxf5 10. gxf5 Rc8 11. Qd2 Ne7 12. O-O-O Rxc3 13. Qxc3 Nxe4 14. Qb4 d5
15. Qxb7 f6 1-0

[Event "WA Class - B Section"]
[Site "Redmond, WA"]
[Date "2008.11.29"]
[Round "3"]
[White "Copeland, Daniel"]
[Black "Walton, John"]
[Result "1/2-1/2"]
[WhiteElo "1709"]
[BlackElo "1743"]
[PlyCount "69"]
[EventDate "2008.11.30"]
[EventCountry "USA"]
[Source "Bulletin"]
[SourceDate "2009.02.10"]

1. e4 c5 2. Nf3 g6 3. d4 cxd4 4. Qxd4 Nf6 5. Bc4 Nc6 6. Qd3 Bg7 7. e5 Ng4 8.
Bf4 Ngxe5 9. Nxe5 Qa5+ 10. b4 Nxe5 11. Qc3 Nf3+ 12. Qxf3 Qxb4+ 13. Nd2 Bxa1 14.
Bxf7+ Kd8 15. O-O Bf6 16. Ne4 Rf8 17. Nxf6 Rxf7 18. Bc7+ Kxc7 19. Nd5+ Kb8 20.
Qxf7 Qc4 21. Rd1 a5 22. Qxe7 Ra6 23. Nf6 Qxc2 24. Nxd7+ Bxd7 25. Qxd7 Rc6 26.
h3 Rc8 27. Rd2 Qc1+ 28. Rd1 Qc2 29. Qd5 Qc5 30. Qf7 Rf8 31. Qxh7 Qxf2+ 32. Kh1
Qe2 33. Rb1 Rf1+ 34. Rxf1 Qxf1+ 35. Kh2 1/2-1/2

[Event "WA Class - B Section"]
[Site "Redmond, WA"]
[Date "2008.11.29"]
[Round "3"]
[White "Gottlieb, Ethan"]
[Black "Xing, Casey"]
[Result "1/2-1/2"]
[WhiteElo "1673"]
[BlackElo "1699"]
[PlyCount "87"]
[EventDate "2008.11.30"]
[EventCountry "USA"]
[Source "Bulletin"]
[SourceDate "2009.02.10"]

1. e4 e6 2. d4 d5 3. Nd2 c5 4. exd5 exd5 5. Bb5+ Nc6 6. Qe2+ Qe7 7. dxc5 Qxe2+
8. Nxe2 Bxc5 9. Nb3 Bb6 10. Ned4 Nge7 11. O-O O-O 12. Be3 Bc7 13. c3 a6 14. Bd3
Nxd4 15. Bxd4 Bd6 16. Rfe1 Nc6 17. Bc5 Bxc5 18. Nxc5 b6 19. Nb3 Be6 20. Rad1 g6
21. Bf1 Rfd8 22. Nd4 Nxd4 23. Rxd4 b5 24. g3 Rac8 25. Red1 Kg7 26. Bg2 Rc5 27.
Kf1 Kf6 28. Ke2 Ke7 29. Kf1 Kf6 30. Bf3 Rc4 31. R4d3 Ke5 32. Re1+ Kf6 33. Red1
Ke5 34. Bg2 g5 35. Rd4 Rxd4 36. Rxd4 f5 37. Ke2 h6 38. Kd2 Rc8 39. Bf1 Bd7 40.
Be2 g4 41. Bf1 h5 42. Bg2 Bc6 43. Bf1 Rf8 44. Rf4 1/2-1/2

[Event "WA Class - B Section"]
[Site "Redmond, WA"]
[Date "2008.11.29"]
[Round "4"]
[White "Hanson, Jeff"]
[Black "Miller, Russell"]
[Result "1-0"]
[WhiteElo "1711"]
[BlackElo "1626"]
[PlyCount "85"]
[EventDate "2008.11.30"]
[EventCountry "USA"]
[Source "Bulletin"]
[SourceDate "2009.02.10"]

1. e4 c5 2. d4 cxd4 3. c3 Nc6 4. cxd4 d6 5. Nf3 Nf6 6. d5 Ne5 7. Nxe5 dxe5 8.
Bb5+ Bd7 9. Bxd7+ Qxd7 10. Nc3 h6 11. O-O Rd8 12. Qb3 a6 13. Be3 Rc8 14. Na4
Rb8 15. Nb6 Qb5 16. Qxb5+ axb5 17. f3 Nd7 18. Rfc1 e6 19. dxe6 fxe6 20. Nxd7
Kxd7 21. Rd1+ Ke8 22. Rac1 Be7 23. Rc7 Rf8 24. Rdd7 Rf7 25. Kf1 b6 26. Ke2 Rd8
27. Rxd8+ Bxd8 28. Rxf7 Kxf7 29. Kd3 Ke7 30. a4 bxa4 31. Kc4 Bc7 32. Kb5 Bd6
33. Bxb6 a3 34. bxa3 Bxa3 35. Bc5+ Bxc5 36. Kxc5 g5 37. Kc6 h5 38. Kc7 Kf7 39.
Kd7 g4 40. fxg4 hxg4 41. g3 Kf6 42. Kd6 Kf7 43. Kxe5 1-0

[Event "WA Class - B Section"]
[Site "Redmond, WA"]
[Date "2008.11.28"]
[Round "1"]
[White "Harmon-Vellotti, Carl"]
[Black "Walton, John"]
[Result "1/2-1/2"]
[WhiteElo "2607"]
[BlackElo "1743"]
[PlyCount "63"]
[EventDate "2008.11.30"]
[EventCountry "USA"]
[Source "Bulletin"]
[SourceDate "2009.02.10"]

1. c4 c5 2. Nc3 Nc6 3. g3 g6 4. Bg2 Bg7 5. Nf3 Nf6 6. O-O O-O 7. d4 cxd4 8.
Nxd4 Qb6 9. Nxc6 dxc6 10. Qc2 e5 11. e4 Be6 12. b3 Qc7 13. Bb2 Rad8 14. Rad1
Qc8 15. Ne2 Nh5 16. f4 Rxd1 17. Rxd1 exf4 18. Bxg7 Kxg7 19. Nxf4 Nxf4 20. gxf4
Rd8 21. Kf2 Rxd1 22. Qxd1 Qd7 23. Qxd7 Bxd7 24. Ke3 Kf6 25. Kd4 Ke7 26. c5 Be6
27. Bf3 a5 28. Bd1 f6 29. h4 h6 30. Bc2 Bf7 31. Bd1 Be6 32. Bc2 1/2-1/2

[Event "WA Class - B Section"]
[Site "Redmond, WA"]
[Date "2008.11.30"]
[Round "5"]
[White "Inglis, David"]
[Black "Walton, John"]
[Result "1-0"]
[WhiteElo "1751"]
[BlackElo "1743"]
[PlyCount "43"]
[EventDate "2008.11.30"]
[EventCountry "USA"]
[Source "Bulletin"]
[SourceDate "2009.02.10"]

1. e4 c5 2. d4 cxd4 3. c3 d3 4. Bxd3 Nc6 5. c4 g6 6. Nf3 Bg7 7. O-O d6 8. h3
Nf6 9. Nc3 O-O 10. Bg5 h6 11. Bf4 Bd7 12. Qd2 Kh7 13. Rfe1 Nh5 14. Rad1 Nxf4
15. Qxf4 Ne5 16. Qg3 Rc8 17. Nxe5 Bxe5 18. f4 Bxc3 19. bxc3 Qa5 20. e5 Be6 21.
exd6 exd6 22. Rxe6 1-0

[Event "WA Class - B Section"]
[Site "Redmond, WA"]
[Date "2008.11.30"]
[Round "6"]
[White "Inglis, David"]
[Black "Xing, Casey"]
[Result "1/2-1/2"]
[WhiteElo "1751"]
[BlackElo "1699"]
[PlyCount "24"]
[EventDate "2008.11.30"]
[EventCountry "USA"]
[Source "Bulletin"]
[SourceDate "2009.02.10"]

1. e4 e6 2. c4 c5 3. Nc3 Nc6 4. Nf3 a6 5. d4 cxd4 6. Nxd4 Bc5 7. Nb3 Be7 8. Bf4
d6 9. Be2 e5 10. Be3 Nf6 11. O-O O-O 12. a3 Be6 1/2-1/2

[Event "WA Class - B Section"]
[Site "Redmond, WA"]
[Date "2008.11.29"]
[Round "3"]
[White "Miller, Russell"]
[Black "Jensen, Jacob"]
[Result "1-0"]
[WhiteElo "1626"]
[BlackElo "1290"]
[PlyCount "81"]
[EventDate "2008.11.30"]
[EventCountry "USA"]
[Source "Bulletin"]
[SourceDate "2009.02.10"]

1. d4 Nf6 2. c4 e6 3. Nc3 Bb4 4. Bd2 b6 5. Nf3 Bb7 6. e3 Bxc3 7. Bxc3 Ne4 8.
Qc2 f5 9. Bd3 Qe7 10. a3 d6 11. Rd1 Nd7 12. O-O g5 13. Nd2 Nxd2 14. Rxd2 g4 15.
d5 Rf8 16. b4 Ne5 17. Bxe5 dxe5 18. Qa4+ Kf7 19. Qc2 Kg8 20. Rfd1 h5 21. dxe6
Qxe6 22. c5 Qc6 23. Bc4+ Kh8 24. Bd5 Qg6 25. Bxb7 Rab8 26. c6 h4 27. Rd7 h3 28.
g3 Rf7 29. Qc3 Re8 30. Rxf7 Qxf7 31. Rd7 Re7 32. Qxe5+ Rxe5 33. Rxf7 Rd5 34.
Rd7 Re5 35. Kf1 Re4 36. Rxc7 Rc4 37. Rd7 Rc1+ 38. Ke2 Rc2+ 39. Kd3 Rxf2 40. c7
Rxh2 41. c8=Q# 1-0

[Event "WA Class - B Section"]
[Site "Redmond, WA"]
[Date "2008.11.28"]
[Round "1"]
[White "Miller, Russell"]
[Black "Monkhouse, Neale"]
[Result "0-1"]
[WhiteElo "1626"]
[BlackElo "1757"]
[PlyCount "122"]
[EventDate "2008.11.30"]
[EventCountry "USA"]
[Source "Bulletin"]
[SourceDate "2009.02.10"]

1. d4 Nf6 2. c4 g6 3. Nc3 d5 4. e3 Bg7 5. Nf3 O-O 6. Qc2 c6 7. Bd3 Re8 8. O-O
Nbd7 9. Bd2 e5 10. dxe5 Nxe5 11. Nxe5 Rxe5 12. Rad1 Ng4 13. h3 Nh6 14. f4 Re8
15. cxd5 cxd5 16. Nb5 Bf5 17. Bxf5 Nxf5 18. Rf3 Rc8 19. Qb3 Qb6 20. Nc3 Qxb3
21. axb3 d4 22. exd4 Nxd4 23. Rd3 a6 24. Na4 Rc2 25. Bc3 Ne2+ 26. Kf1 Bxc3 27.
bxc3 Nxf4 28. Rd8 Rxd8 29. Rxd8+ Kg7 30. c4 b5 31. Nb6 bxc4 32. bxc4 Nxg2 33.
Rc8 Nf4 34. c5 Ne6 35. c6 Nd4 36. Nd5 Rxc6 37. Ra8 Nc2 38. Kg2 Rc5 39. Nb6 a5
40. Kg3 Ne3 41. Kf3 Nc4 42. Nxc4 Rxc4 43. Rxa5 Rc3+ 44. Kg2 h5 45. Ra4 g5 46.
Rb4 Kg6 47. Rb8 Rc4 48. Rg8+ Kf6 49. Kf2 Kf5 50. Rg7 f6 51. Rh7 Kg6 52. Rh8 g4
53. hxg4 hxg4 54. Kg3 f5 55. Rg8+ Kf7 56. Rg5 Kf6 57. Rg8 Rc3+ 58. Kg2 Ke5 59.
Rg5 Kf4 60. Rh5 Rc2+ 61. Kf1 g3 0-1

[Event "WA Class - B Section"]
[Site "Redmond, WA"]
[Date "2008.11.28"]
[Round "2"]
[White "Roberts, Jacob"]
[Black "Miller, Russell"]
[Result "0-1"]
[WhiteElo "1587"]
[BlackElo "1626"]
[PlyCount "70"]
[EventDate "2008.11.30"]
[EventCountry "USA"]
[Source "Bulletin"]
[SourceDate "2009.02.10"]

1. d4 Nf6 2. c4 g6 3. Nf3 Bg7 4. Nc3 d6 5. e4 O-O 6. Be2 c5 7. O-O cxd4 8. Nxd4
Nc6 9. Be3 Bd7 10. Rc1 Rc8 11. Qd2 a6 12. Rfd1 Bg4 13. f3 Bd7 14. Bh6 Nxd4 15.
Bxg7 Nxe2+ 16. Nxe2 Kxg7 17. c5 Bb5 18. cxd6 Qxd6 19. Qxd6 exd6 20. Nc3 Rfd8
21. Nxb5 Rxc1 22. Rxc1 axb5 23. Rc7 Rd7 24. Rc3 Ne8 25. Kf2 Rc7 26. Ke3 Rxc3+
27. bxc3 Kf6 28. Kd4 Ke6 29. f4 f5 30. e5 h6 31. h4 Nc7 32. g4 fxg4 33. h5
dxe5+ 34. fxe5 g3 35. Ke3 gxh5 0-1

[Event "WA Class - B Section"]
[Site "Redmond, WA"]
[Date "2008.11.29"]
[Round "4"]
[White "Walton, John"]
[Black "Ho, Daniel"]
[Result "1-0"]
[WhiteElo "1743"]
[BlackElo "1759"]
[PlyCount "89"]
[EventDate "2008.11.30"]
[EventCountry "USA"]
[Source "Bulletin"]
[SourceDate "2009.02.10"]

1. e4 e5 2. Nf3 Nc6 3. d4 exd4 4. Bc4 Nf6 5. O-O Bc5 6. e5 d5 7. Bb5 Ne4 8.
Nxd4 Bxd4 9. Qxd4 O-O 10. Bxc6 bxc6 11. Nc3 Ng5 12. Bxg5 Qxg5 13. f4 Qg6 14.
Rf2 Bf5 15. Raf1 Bxc2 16. f5 Bxf5 17. Rxf5 Rab8 18. b3 a5 19. Qd2 Rb4 20. Qg5
Qe6 21. Rf6 Qe7 22. Na4 Re4 23. R6f5 Qb4 24. R5f4 Qd4+ 25. Kh1 h6 26. Rxe4 Qxe4
27. Qg3 Qe2 28. Qf2 Qxe5 29. Nc5 Qe7 30. Re1 Qd6 31. Qd4 Rb8 32. Na6 c5 33.
Nxc5 Rb4 34. Re8+ Kh7 35. Qd3+ g6 36. Qe3 Rf4 37. Kg1 Qf6 38. h3 Rf1+ 39. Kh2
Rf5 40. Nd3 Qd6+ 41. Kg1 d4 42. Qe7 Qg3 43. Qf8 Rf1+ 44. Kxf1 Qxd3+ 45. Kg1 1-0

[Event "WA Class - B Section"]
[Site "Redmond, WA"]
[Date "2008.11.28"]
[Round "2"]
[White "Walton, John"]
[Black "Sen, Samir"]
[Result "1-0"]
[WhiteElo "1743"]
[BlackElo "1661"]
[PlyCount "35"]
[EventDate "2008.11.30"]
[EventCountry "USA"]
[Source "Bulletin"]
[SourceDate "2009.02.10"]

1. e4 c5 2. Nc3 Nc6 3. f4 e6 4. Nf3 g6 5. Bb5 Nge7 6. O-O Bg7 7. Bxc6 Nxc6 8.
d3 O-O 9. f5 exf5 10. exf5 d5 11. fxg6 fxg6 12. Bg5 Qd6 13. Qd2 Nd4 14. Nxd4
Bxd4+ 15. Kh1 Bf5 16. Nb5 Qe5 17. c3 Bd7 18. cxd4 1-0

[Event "WA Class - B Section"]
[Site "Redmond, WA"]
[Date "2008.11.29"]
[Round "4"]
[White "Xing, Casey"]
[Black "Copeland, Daniel"]
[Result "1-0"]
[WhiteElo "1699"]
[BlackElo "1709"]
[PlyCount "67"]
[EventDate "2008.11.30"]
[EventCountry "USA"]
[Source "Bulletin"]
[SourceDate "2009.02.10"]

1. d4 Nf6 2. c4 c5 3. d5 e6 4. Nc3 exd5 5. cxd5 d6 6. e4 g6 7. f4 Bg7 8. Bb5+
Nfd7 9. Nf3 O-O 10. O-O a6 11. Bd3 b5 12. Re1 Nb6 13. Rb1 Bg4 14. Be3 N8d7 15.
h3 Bxf3 16. Qxf3 Qc7 17. Kh1 b4 18. Ne2 Na4 19. b3 Nc3 20. Nxc3 Bxc3 21. Rf1 a5
22. Bb5 Nb6 23. Bc6 Ra7 24. Qd1 Qe7 25. Bd2 Bxd2 26. Qxd2 Qxe4 27. f5 Qh4 28.
f6 a4 29. Rbe1 axb3 30. axb3 Ra5 31. Re4 Ra2 32. Qe3 Qh5 33. Re8 Ra8 34. Bxa8
1-0

[Event "WA Class - B Section"]
[Site "Redmond, WA"]
[Date "2008.11.30"]
[Round "5"]
[White "Xing, Casey"]
[Black "Hanson, Jeff"]
[Result "1-0"]
[WhiteElo "1699"]
[BlackElo "1711"]
[PlyCount "61"]
[EventDate "2008.11.30"]
[EventCountry "USA"]
[Source "Bulletin"]
[SourceDate "2009.02.10"]

1. d4 f5 2. g3 Nf6 3. Bg2 e6 4. c4 c6 5. Nc3 d5 6. c5 b6 7. cxb6 axb6 8. Bf4
Bd6 9. Bxd6 Qxd6 10. e3 O-O 11. Nge2 Ba6 12. O-O Nbd7 13. Re1 Ne4 14. f3 Nxc3
15. Nxc3 e5 16. a3 f4 17. exf4 exf4 18. g4 Rae8 19. Qd2 Nf6 20. b4 Bc4 21. Bf1
Bxf1 22. Kxf1 Re3 23. Kf2 Rfe8 24. Re2 Nxg4+ 25. fxg4 Qh6 26. Kg1 Qh4 27. Rxe3
Rxe3 28. Kh1 Qxg4 29. Rf1 g5 30. Rf2 Rf3 31. Qe2 1-0

[Event "WA Class - B Section"]
[Site "Redmond, WA"]
[Date "2008.11.28"]
[Round "2"]
[White "Xing, Casey"]
[Black "Hendricks, David"]
[Result "1-0"]
[WhiteElo "1699"]
[BlackElo "1701"]
[PlyCount "85"]
[EventDate "2008.11.30"]
[EventCountry "USA"]
[Source "Bulletin"]
[SourceDate "2009.02.10"]

1. d4 Nf6 2. c4 g6 3. Nc3 Bg7 4. e4 d6 5. f3 O-O 6. Be3 Nbd7 7. Nge2 c5 8. d5
a6 9. g4 Ne8 10. Ng3 Rb8 11. Rc1 Qa5 12. Bd2 Qd8 13. a4 Ne5 14. Be2 Nf6 15. O-O
h6 16. h4 Nh7 17. f4 Nd7 18. Kg2 e6 19. Rh1 g5 20. hxg5 hxg5 21. Nh5 Bd4 22.
Qc2 e5 23. fxg5 Nxg5 24. Rcf1 f6 25. Qd3 Rf7 26. Bxg5 fxg5 27. Rxf7 Kxf7 28.
Qf3+ Kg8 29. Qf5 Nf8 30. Nf6+ Kf7 31. Qxg5 Qxf6 32. Rf1 Qxf1+ 33. Bxf1 Ng6 34.
Ne2 Bxb2 35. Qd8 Ra8 36. Kh2 Nf4 37. Nxf4 exf4 38. Qxd6 Bc1 39. Be2 Be3 40. e5
b6 41. e6+ Ke8 42. Bd3 Bxe6 43. dxe6 1-0

[Event "WA Class - B Section"]
[Site "Redmond, WA"]
[Date "2008.11.30"]
[Round "5"]
[White "Zhao, Donovan"]
[Black "Wright, Polly"]
[Result "1/2-1/2"]
[WhiteElo "1581"]
[BlackElo "1700"]
[PlyCount "73"]
[EventDate "2008.11.30"]
[EventCountry "USA"]
[Source "Bulletin"]
[SourceDate "2009.02.10"]

1. e4 c5 2. Nf3 Nc6 3. d4 cxd4 4. Nxd4 g6 5. c4 Nf6 6. Nc3 Bg7 7. Be3 O-O 8.
Be2 d6 9. O-O Bd7 10. Nb3 Na5 11. h3 Bc6 12. Bf3 Nxc4 13. Bc1 a6 14. Be2 Na5
15. Nxa5 Qxa5 16. Qc2 Rac8 17. Bd3 b5 18. Qe2 Qc7 19. a3 d5 20. exd5 Nxd5 21.
Nxd5 Bxd5 22. Be3 Bc4 23. Rac1 Bxd3 24. Qxd3 Qd8 25. Qe2 Qd7 26. Rfd1 Qe6 27.
Qd2 Rxc1 28. Rxc1 Rc8 29. Rxc8+ Qxc8 30. b3 h5 31. a4 Qe6 32. Qb4 bxa4 33. Qxa4
Kh7 34. b4 Bh6 35. Bc5 Bg5 36. b5 axb5 37. Qxb5 1/2-1/2

[Event "WA Class - C Section"]
[Site "Redmond, WA"]
[Date "2008.11.30"]
[Round "6"]
[White "Hua, Daniel"]
[Black "Varner, Murlin"]
[Result "1-0"]
[WhiteElo "1432"]
[BlackElo "1516"]
[PlyCount "93"]
[EventDate "2008.11.30"]
[EventCountry "USA"]
[Source "Bulletin"]
[SourceDate "2009.02.10"]

1. e4 e5 2. Nf3 Nc6 3. Bc4 Bc5 4. Nc3 d6 5. h3 Nf6 6. d3 h6 7. Be3 Nd4 8. Qd2
O-O 9. O-O-O a6 10. Kb1 c6 11. Ne2 b5 12. Bb3 Nxb3 13. cxb3 Bxe3 14. Qxe3 Be6
15. g4 Nh7 16. Ng3 Ng5 17. h4 Nxf3 18. Qxf3 Qc8 19. Nf5 Kh7 20. Rdg1 g6 21. Ne3
Qd7 22. h5 g5 23. Rg3 f6 24. Nf5 d5 25. Rgg1 Rad8 26. Rd1 d4 27. Rc1 Rc8 28.
Rc5 Bxf5 29. gxf5 Rc7 30. Rhc1 Rfc8 31. b4 Qf7 32. Qd1 Qe8 33. R1c2 Kg7 34. Kc1
Kf8 35. Kd2 Qe7 36. Qc1 Qd6 37. a3 Ke8 38. b3 Kd7 39. a4 Qe7 40. axb5 axb5 41.
Qa1 Qf7 42. Qa6 Qxb3 43. Rd5+ cxd5 44. Qe6+ Kd8 45. Qxf6+ Re7 46. Qf8+ Re8 47.
Qd6# 1-0

[Event "WA Class - C Section"]
[Site "Redmond, WA"]
[Date "2008.11.30"]
[Round "5"]
[White "Lerner, Lawrence"]
[Black "Cohen, Eryn"]
[Result "0-1"]
[WhiteElo "1406"]
[BlackElo "1433"]
[PlyCount "88"]
[EventDate "2008.11.30"]
[EventCountry "USA"]
[Source "Bulletin"]
[SourceDate "2009.02.10"]

1. d4 d5 2. Nf3 Nc6 3. e3 Bf5 4. Bb5 Qd6 5. Nc3 O-O-O 6. O-O Nf6 7. Bd3 Ne4 8.
Nb5 Qg6 9. Nh4 Qg5 10. Nxf5 a6 11. Bxe4 dxe4 12. Nc3 Qxf5 13. Bd2 e6 14. Ne2 g5
15. Ng3 Qg6 16. Bc3 h5 17. d5 Rh7 18. Qe2 exd5 19. Rad1 h4 20. Qg4+ Kb8 21. Nf5
Ne7 22. Nd4 Bg7 23. Rd2 c5 24. Nb3 Bxc3 25. bxc3 f5 26. Qd1 b6 27. c4 f4 28.
Re1 Kc7 29. cxd5 Nf5 30. d6+ Rxd6 31. Qe2 Rxd2 32. Nxd2 fxe3 33. Qxa6 exd2 34.
Qa7+ Kd8 35. Qb8+ Ke7 36. Qc7+ Kf8 37. Qd8+ Kg7 38. Qxd2 h3 39. Rd1 hxg2 40.
Qd7+ Kh6 41. Qa4 e3 42. Qb3 exf2+ 43. Kxf2 Nh4 44. Qh3 Qxc2+ 0-1

[Event "WA Class - C Section"]
[Site "Redmond, WA"]
[Date "2008.11.28"]
[Round "2"]
[White "May, Sarah"]
[Black "Varner, Murlin"]
[Result "1-0"]
[WhiteElo "1545"]
[BlackElo "1516"]
[PlyCount "75"]
[EventDate "2008.11.30"]
[EventCountry "USA"]
[Source "Bulletin"]
[SourceDate "2009.02.10"]

1. d4 Nf6 2. Bf4 g6 3. e3 Bg7 4. h3 O-O 5. Nf3 d6 6. Be2 c5 7. c3 Bf5 8. Qb3 b6
9. O-O Nc6 10. a4 Na5 11. Qa3 Be6 12. Nbd2 Nd5 13. Bh2 Qc8 14. Rac1 Qb7 15. e4
Nf6 16. d5 Bd7 17. b4 cxb4 18. cxb4 Nc6 19. dxc6 Bxc6 20. Ba6 Qxa6 21. Rxc6
Rac8 22. b5 Qb7 23. Rfc1 Nd7 24. Rxc8 Rxc8 25. Rxc8+ Qxc8 26. Bf4 Qc2 27. a5
Bb2 28. Qa2 Nc5 29. axb6 axb6 30. Qb1 Qc3 31. Be3 Qf6 32. Nc4 Bc3 33. Nxb6 Ba5
34. Nd5 Qe6 35. Bxc5 dxc5 36. b6 Qd6 37. Qb5 Bxb6 38. Qxb6 1-0

[Event "WA Class - C Section"]
[Site "Redmond, WA"]
[Date "2008.11.30"]
[Round "6"]
[White "Midson, Tony"]
[Black "Lerner, Lawrence"]
[Result "0-1"]
[WhiteElo "1366"]
[BlackElo "1406"]
[PlyCount "62"]
[EventDate "2008.11.30"]
[EventCountry "USA"]
[Source "Bulletin"]
[SourceDate "2009.02.10"]

1. b3 Nc6 2. Bb2 e5 3. e3 Nf6 4. d4 d6 5. Bb5 Bd7 6. f3 a6 7. Bxc6 Bxc6 8. dxe5
dxe5 9. Qxd8+ Rxd8 10. Bxe5 Bd6 11. Bxd6 Rxd6 12. e4 Rd7 13. Nc3 O-O 14. Nge2
Rfd8 15. O-O b5 16. Nf4 b4 17. Nce2 g5 18. Nd3 Bb5 19. Rfd1 Bxd3 20. cxd3 Rxd3
21. Rdc1 R8d7 22. Kf1 Rd2 23. Rc6 Rd1+ 24. Rxd1 Rxd1+ 25. Kf2 Ne8 26. Rxa6 Kg7
27. Ke3 Ra1 28. Kd2 Nd6 29. Nc1 Nb5 30. Kc2 Na3+ 31. Kb2 Rb1# 0-1

[Event "WA Class - C Section"]
[Site "Redmond, WA"]
[Date "2008.11.29"]
[Round "3"]
[White "Piper, August"]
[Black "Varner, Murlin"]
[Result "1-0"]
[WhiteElo "1507"]
[BlackElo "1516"]
[PlyCount "85"]
[EventDate "2008.11.30"]
[EventCountry "USA"]
[Source "Bulletin"]
[SourceDate "2009.02.10"]

1. b3 d5 2. Bb2 Nc6 3. Nf3 Bg4 4. e3 e6 5. h3 Bh5 6. g4 Bg6 7. d3 f6 8. Nc3 Bb4
9. a3 Ba5 10. Bg2 Nge7 11. Qe2 e5 12. O-O-O O-O 13. h4 d4 14. Ne4 h5 15. gxh5
Bxh5 16. Nc5 Qc8 17. Bh3 Bg4 18. Qf1 Bb6 19. Nxb7 Bxh3 20. Rxh3 Qxb7 21. e4 Ng6
22. Nh2 Kf7 23. f3 Ba5 24. Qf2 Rg8 25. Rg1 Nf4 26. Rhg3 Bc3 27. Nf1 Qc8 28. Qh2
Nh5 29. Rg4 a5 30. Ng3 Nxg3 31. Qxg3 Qf8 32. Rg6 a4 33. b4 Nxb4 34. axb4 a3 35.
Bxc3 dxc3 36. Qg4 Rd8 37. Kd1 a2 38. Ke2 Ke8 39. Qe6+ Qe7 40. Qxg8+ Kd7 41.
Qd5+ Kc8 42. Qa8+ Kd7 43. Qxa2 1-0

[Event "WA Class - C Section"]
[Site "Redmond, WA"]
[Date "2008.11.29"]
[Round "1"]
[White "Rutgers, BERT."]
[Black "Davis, Ben"]
[Result "0-1"]
[WhiteElo "1442"]
[BlackElo "1379"]
[PlyCount "76"]
[EventDate "2008.11.30"]
[EventCountry "USA"]
[Source "Bulletin"]
[SourceDate "2009.02.10"]

1. e4 e5 2. Nf3 Nc6 3. Bc4 Nf6 4. Nc3 Nxe4 5. Nxe4 d5 6. Bb5 dxe4 7. Nxe5 Qd5
8. Bxc6+ bxc6 9. Ng4 Bd6 10. Ne3 Qe6 11. Qe2 O-O 12. Qc4 Qxc4 13. Nxc4 Be6 14.
Ne3 f5 15. d3 f4 16. Nc4 Bxc4 17. dxc4 Rae8 18. O-O Bc5 19. c3 e3 20. fxe3 fxe3
21. Rxf8+ Kxf8 22. Kh1 e2 23. Bd2 Bf2 24. Re1 Bxe1 25. Bxe1 Re7 26. Kg1 Rf7 27.
Bf2 Ke7 28. g4 Ke6 29. Kg2 Ke5 30. a4 a6 31. b4 Ke4 32. b5 cxb5 33. cxb5 a5 34.
c4 Kd3 35. c5 Rxf2+ 36. Kxf2 Kd2 37. b6 e1=Q+ 38. Kf3 Qe3+ 0-1

[Event "WA Class - C Section"]
[Site "Redmond, WA"]
[Date "2008.11.29"]
[Round "3"]
[White "Rutgers, BERT."]
[Black "McPherson, Ian"]
[Result "1-0"]
[WhiteElo "1442"]
[BlackElo "1441"]
[PlyCount "41"]
[EventDate "2008.11.30"]
[EventCountry "USA"]
[Source "Bulletin"]
[SourceDate "2009.02.10"]

1. e4 c5 2. Nf3 d6 3. d4 cxd4 4. Nxd4 Nf6 5. Nc3 g6 6. Be3 Bg7 7. Be2 O-O 8.
O-O Nc6 9. Nxc6 bxc6 10. Qd2 d5 11. Rad1 Bb7 12. e5 Nd7 13. f4 e6 14. b4 a5 15.
a3 Qe7 16. g4 Rfb8 17. bxa5 Rxa5 18. Ne4 Nxe5 19. Qxa5 Nd7 20. Qc7 Qxa3 21. Bf2
1-0

[Event "WA Class - C Section"]
[Site "Redmond, WA"]
[Date "2008.11.29"]
[Round "4"]
[White "Van Wyk, Daniel"]
[Black "Rutgers, BERT."]
[Result "0-1"]
[WhiteElo "1555"]
[BlackElo "1442"]
[PlyCount "82"]
[EventDate "2008.11.30"]
[EventCountry "USA"]
[Source "Bulletin"]
[SourceDate "2009.02.10"]

1. Nf3 Nf6 2. g3 Nc6 3. Bg2 e5 4. d3 d5 5. Bg5 h6 6. Bxf6 Qxf6 7. Nc3 Bb4 8.
O-O Bxc3 9. bxc3 O-O 10. Nd2 Be6 11. Rb1 Rab8 12. Rb5 a6 13. Rc5 Qe7 14. Nb3
Qd6 15. e4 dxe4 16. dxe4 Bxb3 17. Qxd6 cxd6 18. Rxc6 bxc6 19. cxb3 Rb6 20. Rd1
Rd8 21. c4 c5 22. Bh3 Kf8 23. Kf1 a5 24. Rd3 Ke7 25. Bg4 Rdb8 26. Bd1 g6 27. g4
Rf8 28. Bc2 Rbb8 29. Rf3 f6 30. Ke2 Ke6 31. Ke3 Rb7 32. h3 Rfb8 33. Kd2 Rh7 34.
h4 h5 35. g5 Rf7 36. Ke2 Rbf8 37. Bd1 fxg5 38. Rxf7 Rxf7 39. hxg5 Rf4 40. f3
Rh4 41. Ke3 Rh1 0-1

[Event "WA Class - C Section"]
[Site "Redmond, WA"]
[Date "2008.11.29"]
[Round "4"]
[White "Varner, Murlin"]
[Black "Cohen, Eryn"]
[Result "1-0"]
[WhiteElo "1516"]
[BlackElo "1433"]
[PlyCount "107"]
[EventDate "2008.11.30"]
[EventCountry "USA"]
[Source "Bulletin"]
[SourceDate "2009.02.10"]

1. e4 e5 2. d4 exd4 3. Nf3 Nf6 4. Qxd4 Nc6 5. Qe3 d6 6. Nc3 Nb4 7. Bd3 c6 8.
O-O Be7 9. a3 Nxd3 10. Qxd3 Bg4 11. Bf4 Nh5 12. Bg3 Qd7 13. e5 Nxg3 14. fxg3
Bxf3 15. Qxf3 dxe5 16. Qxf7+ Kd8 17. Rad1 Bd6 18. Qxd7+ Kxd7 19. Ne4 Ke7 20.
Nxd6 b6 21. Nf5+ Kf8 22. Nd4+ Ke8 23. Nxc6 Rc8 24. Rd6 Rf8 25. Rxf8+ Kxf8 26.
Rd8+ Rxd8 27. Nxd8 Ke7 28. Nc6+ Ke6 29. Nxa7 e4 30. Kf2 Kd5 31. Ke3 Ke5 32. c4
g5 33. g4 h6 34. h3 Kd6 35. Kxe4 Kc5 36. Kd3 Kd6 37. Kd4 Ke6 38. Nb5 Kf6 39.
Kd5 Ke7 40. b4 Kf6 41. Nd6 Ke7 42. Nf5+ Kd7 43. a4 Kc7 44. Nxh6 Kd7 45. Nf7 Ke7
46. Nxg5 Kd7 47. h4 Kc7 48. h5 b5 49. axb5 Kb6 50. h6 Ka7 51. Kc6 Kb8 52. h7
Ka7 53. Ne6 Kb8 54. b6 1-0

[Event "WA Class - C Section"]
[Site "Redmond, WA"]
[Date "2008.11.29"]
[Round "3"]
[White "Varner, Murlin"]
[Black "MacGregor, Logan"]
[Result "0-1"]
[WhiteElo "1516"]
[BlackElo "1468"]
[PlyCount "84"]
[EventDate "2008.11.30"]
[EventCountry "USA"]
[Source "Bulletin"]
[SourceDate "2009.02.10"]

1. e4 d5 2. exd5 Nf6 3. Nc3 g6 4. Nf3 Bg7 5. Be2 Nxd5 6. Nxd5 Qxd5 7. O-O c5 8.
c3 Nc6 9. Bb5 Bd7 10. d3 O-O 11. Bc4 Qd6 12. g3 Na5 13. Be3 Nxc4 14. dxc4 Qc6
15. Qd5 e6 16. Qxc6 Bxc6 17. Ng5 h6 18. Nh3 b6 19. Rad1 Rfd8 20. f4 Ba4 21. b3
Bc6 22. Bd2 Rd7 23. Nf2 Rad8 24. Bc1 Bxc3 25. Be3 Bd2 26. Rxd2 Rxd2 27. Bxd2
Rxd2 28. Rd1 Rxa2 29. h4 Kf8 30. g4 Ke7 31. g5 h5 32. Nd3 Rg2+ 33. Kf1 Rh2 34.
Ne5 Rh1+ 35. Ke2 Rxd1 36. Kxd1 Be4 37. Kd2 f6 38. Nd3 Bxd3 39. Kxd3 f5 40. Ke3
Kd6 41. Kd3 e5 42. Ke3 e4 0-1

[Event "WA Class - C Section"]
[Site "Redmond, WA"]
[Date "2008.11.29"]
[Round "2"]
[White "Varner, Murlin"]
[Black "Rutgers, BERT."]
[Result "0-1"]
[WhiteElo "1516"]
[BlackElo "1442"]
[PlyCount "48"]
[EventDate "2008.11.30"]
[EventCountry "USA"]
[Source "Bulletin"]
[SourceDate "2009.02.10"]

1. e4 e5 2. d4 exd4 3. Bc4 d6 4. Nf3 Nc6 5. O-O h6 6. c3 dxc3 7. Nxc3 Bg4 8. h3
Bxf3 9. Qxf3 Ne5 10. Qe2 Nxc4 11. Qxc4 Qd7 12. Be3 a6 13. Nd5 Rc8 14. Rac1 Kd8
15. Rfe1 Ne7 16. Nxc7 Nc6 17. Nd5 Qe6 18. Bb6+ Kd7 19. f4 Be7 20. Bf2 Bd8 21.
f5 Qe5 22. b3 b5 23. Qc2 Ba5 24. Re2 Nd4 0-1